Normal view
MARC view
- الرياضة- البطولات - الدورات
Entry Topical Term
001 - CONTROL NUMBER
- control field: 18741
003 - CONTROL NUMBER IDENTIFIER
- control field: JO-AjAnu
005 - DATE AND TIME OF LATEST TRANSACTION
- control field: 20230606073303.0
008 - FIXED-LENGTH DATA ELEMENTS
- fixed length control field: 230606|| aca||aabn | a|a d
040 ## - CATALOGING SOURCE
- Original cataloging agency: JO-AjAnu
- Transcribing agency: JO-AjAnu
150 ## - HEADING--TOPICAL TERM
- Topical term or geographic name entry element: الرياضة- البطولات - الدورات
670 ## - SOURCE DATA FOUND
- Source citation: Work cat.: (JO-AjAnu)9619: معوض، حسن سيد, author 18740, البطولات والدورات الرياضية وتنظيمها